| 000 | 00332nam a2200109 4500 | ||
|---|---|---|---|
| 999 |
_c11313 _d11313 |
||
| 008 | 181116b ||||| |||| 00| 0 eng d | ||
| 245 | _aPinoy eco group urges Trump to re-think global warming stance. | ||
| 260 |
_aPhilippines _bManila Bulletin _cc2017 |
||
| 300 | _apage B-3. | ||
| 650 | 0 |
_932548 _aGreenhouse effect. |
|
| 942 |
_2ddc _cPER |
||